| 000 | 00531nam a22001937a 4500 | ||
|---|---|---|---|
| 003 | CEME | ||
| 005 | 20210628205333.0 | ||
| 008 | 210311b xxu||||| |||| 00| 0 eng d | ||
| 020 | _a0-393-95590-7 | ||
| 040 | _c. | ||
| 082 | _a338.5 MAN'M | ||
| 100 |
_aMansfield, E _975021 |
||
| 245 | _aManagerial economics and operations research techniques applications cases | ||
| 250 | _a5TH | ||
| 260 |
_aNEWYORK _bW. W. NORTON _c1987 |
||
| 300 | _a590P | ||
| 650 |
_aMANAGERIAL ECONOMICS OPERATION RESEARCH _975022 |
||
| 942 |
_cBK _2ddc |
||
| 999 |
_c580518 _d580518 |
||